USA Men's Basketball Statistical Leaders - Statistics

General Stats
  • This quiz has been taken 22 times
  • The average score is 15 of 32
Answer Stats
Categories Player % Correct
7 LeBron James
100%
7 Kevin Durant
95%
1 Stephen Curry
91%
5 Michael Jordan
86%
1 DeAndre Jordan
82%
3 Kobe Bryant
82%
1 Shaquille O'Neal
77%
4 Carmelo Anthony
64%
4 Chris Paul
64%
4 Karl Malone
64%
3 Dwyane Wade
59%
2 Anthony Davis
55%
1 Jason Kidd
55%
3 Patrick Ewing
55%
1 Jayson Tatum
50%
3 Scottie Pippen
50%
3 Charles Barkley
45%
5 David Robinson
45%
1 Kevin Garnett
45%
2 Tim Duncan
45%
4 Chris Mullin
41%
1 Devin Booker
36%
3 Deron Williams
23%
2 Gary Payton
23%
1 Alonzo Mourning
14%
1 Carlos Boozer
9%
2 Mitch Richmond
9%
1 Burdette Haldorson
5%
1 Reggie Miller
5%
1 Leon Wood
0%
1 Phil Ford
0%
1 William Hougland
0%
No matching quizzes found
Score Distribution
Percent of People with Each Score
Percentile by Number Answered
Your Score History
You have not taken this quiz